Copa do Mundo da FIFA de 2026 - Statistics

Estatísticas Gerais
  • Esse quiz foi jogado 1 998 vezes
    1 747 desde o último reset
  • A pontuação média é 41 de 48
Respostas no mapa
Respostas codificadas por cores de uma escala verde-vermelha no mapa do quiz de acordo com a % correta abaixo.
 
Estatísticas das Respostas
Time % Correto
Brasil
98%
México
97%
Canadá
96%
Argentina
95%
Estados Unidos
95%
Marrocos
95%
Espanha
94%
França
94%
Alemanha
93%
Portugal
93%
Coreia do Sul
92%
Japão
92%
Inglaterra
91%
Uruguai
91%
Colômbia
90%
Escócia
90%
Haiti
90%
Irão
89%
África do Sul
88%
Austrália
88%
Países Baixos
88%
Paraguai
87%
Suíça
87%
Noruega
86%
Senegal
86%
Bélgica
85%
Croácia
85%
Suécia
85%
Bósnia e Herzegovina
84%
Egito
84%
Equador
84%
Nova Zelândia
83%
Arábia Saudita
81%
Panamá
80%
Turquia
80%
Iraque
79%
Catar
78%
Curaçao
78%
Gana
77%
Tunísia
76%
Argélia
75%
Áustria
74%
Cabo Verde
74%
República Democrática do Congo
74%
Uzbequistão
73%
Costa do Marfim
72%
República Checa
72%
Jordânia
65%
Nenhum quiz correspondente encontrado
Distribuição das Pontuações
Porcentagem de Pessoas com Cada Pontuação
Percentil de Números Respondidos
Sua Pontuação Histórica
Você não jogou esse quiz desde o último reset